Finite fields for computer scientists and engineers /
Guardado en:
| Autor Principal: | |
|---|---|
| Formato: | Libro |
| Idioma: | English |
| Publicado: |
Boston :
Kluwer Academic Publishers,
c1987.
|
| Series: | Kluwer international series in engineering and computer science ;
SECS 23. Kluwer international series in engineering and computer science. Information theory. |
| Etiquetas: |
Agregar Etiqueta
Sin Etiquetas, Sea el primero en etiquetar este registro!
|
| LEADER | 00866nam a22002055a 4500 | ||
|---|---|---|---|
| 001 | MAT.inmabb000244 | ||
| 008 | 861002s1987####maua#####b####001#0#eng## | ||
| 005 | 20130227123028.0 | ||
| 245 | 1 | 0 | |a Finite fields for computer scientists and engineers / |c by Robert J. McEliece. |
| 260 | |a Boston : |b Kluwer Academic Publishers, |c c1987. | ||
| 300 | |a x, 207 p. ; |c 24 cm. | ||
| 490 | 1 | |a The Kluwer international series in engineering and computer science ; |v 23 |a Information theory | |
| 504 | |a Bibliography: p. [201]-202. | ||
| 510 | 4 | |a MR, |c 88h:11091 | |
| 020 | |a 0898381916 | ||
| 100 | 1 | |a McEliece, Robert J. | |
| 830 | 0 | |a Kluwer international series in engineering and computer science ; |v SECS 23. | |
| 830 | 0 | |a Kluwer international series in engineering and computer science. |p Information theory. | |
| 084 | |a 11Txx (11-01 94Axx) |2 msc2000 | ||
| 859 | |h 11 |i M141 |p A-7974 |b BIB. MATEMATICA | ||
